Elements of molecular and biomolecular electrochemistry : an electrochemical approach to electron transfer chemistry

This book is based on the George Fisher Baker Lecture given by Jean-Michel Sav?ant at Cornell University in Fall 2002: The first book focusing on molecular electrochemistry. Relates to other fields, including photochemistry and biochemistry. Outlines clearly the connection between concepts, experim...

Descrición completa

Gardado en:
Detalles Bibliográficos
Autor Principal: Saveant, Jean Michel
Formato: Libro
Idioma:Undetermined
Publicado: Hoboken, N.J. Wiley-Interscience 2006
Những chủ đề:
Các nhãn: Engadir etiqueta
Sen Etiquetas, Sexa o primeiro en etiquetar este rexistro!
Thư viện lưu trữ: Trung tâm Học liệu Trường Đại học Cần Thơ
LEADER 01188nam a2200217Ia 4500
001 CTU_164716
008 210402s9999 xx 000 0 und d
020 |c 36.99 
082 |a 541.37 
082 |b S263 
100 |a Saveant, Jean Michel 
245 0 |a Elements of molecular and biomolecular electrochemistry : 
245 3 |b an electrochemical approach to electron transfer chemistry 
245 0 |c Jean-Michel Saveant 
260 |a Hoboken, N.J. 
260 |b Wiley-Interscience 
260 |c 2006 
520 |a This book is based on the George Fisher Baker Lecture given by Jean-Michel Sav?ant at Cornell University in Fall 2002: The first book focusing on molecular electrochemistry. Relates to other fields, including photochemistry and biochemistry. Outlines clearly the connection between concepts, experimental illustrations, proofs and supporting methods. Appendixes to provide rigorous demonstrations to prevent an overload of algebra in the main text 
650 |a Electrochemistry,Charge exchange,Chemical kinetics,Điện hoá học,Trao đổi điện tích,Hóa động học 
904 |i Năm 
980 |a Trung tâm Học liệu Trường Đại học Cần Thơ